000
00348nam a2200145Ia 4500
008
240624s9999 xx 000 0 und d
041
_a
eng
082
_a
515.2 BAB
100
_a
BABONES SALVATORE
245
_a
APPLIED STATISTICAL MODELING
260
_c
2013
_a
London
_b
Sage
300
_a
xviii, 413 p.; 23 cm.
365
_c
BPS
_b
38
440
_v
4
999
_c
28989
_d
28989